000 00401 a2200121 4500
001 ART_43728
005 20260410162025.0
008 260409a
245 1 0 _aDemand shifts, population adjustments, and labor market outcomes during the 1980s
100 1 _aBound, John
700 1 _aHolzer, Harry J.
773 0 _tJournal of labor economics
_g- Vol. 18, NÂș 1 (ene. 2000)
_wREV43438
999 _c33493
_d33493